| 000 | 00623cam a2200241 4500 | ||
|---|---|---|---|
| 008 | 090401t1996 xxu||||| |||| 00| 0 eng d | ||
| 020 | _a0419207309 | ||
| 035 | _a(Sirsi) u92605 | ||
| 041 | _aeng | ||
| 050 | _a338.4569 | ||
| 100 | _aPowell, Christopher | ||
| 245 | 4 | _aThe British building industry since 1800 : an economic history. | |
| 250 | _a2nd ed. | ||
| 260 |
_aLondon _bE & F N Spon _c1996 |
||
| 300 | _axi,275p. ; 25cm. | ||
| 350 | _a22.5 | ||
| 650 | _aBUILDING INDUSTRY | ||
| 650 | _aCONSTRUCTION INDUSTRY | ||
| 650 | _aHISTORY | ||
| 690 | _aBUILT ENVIRONMENT | ||
| 942 | _n0 | ||
| 948 | _c08/04/1999 | ||
| 999 |
_c97761 _d97761 |
||